Statistics for Pacific Island Countries Quiz

Click here to take the quiz!

General Stats

  • This quiz has been taken 12 times
  • The average score is 6 of 11

Answer Stats

Answer% Correct
Fiji
75%
Tonga
75%
Nauru
63%
Palau
63%
Samoa
63%
Tuvalu
63%
Kiribati
50%
Micronesia
50%
Solomon Islands
50%
Marshall Islands
38%
Vanuatu
38%

Score Distribution

Percentile by Number Answered

Percent of People with Each Score

Your Score History

You have not taken this quiz